00710nam a2200169 a 4500003000200000005001700002008004100019050003400060100003500094245012600129300004800255504004100303650003600344650005100380650004300431650006600474020250617150942.0021115s19uu xx 00 eng d aPGS HF 5415.33.P6b.D313 1999 aDefensor, Alphonso Emmanuel N. aHow the current economic crisis has affected the choice of car of the Filipino consumer /cAlphonso Emmanuel N. Defensor. a41 pages :bcolored illustrations ;c28 cm. aIncludes bibliographical references. aConsumer behaviorzPhilippines. aEconomic conditionszPhilippinesv1998–1999. aAutomobiles zPhilippinesvPurchasing. aAutomobile industry and tradezPhilippinesvEconomic aspects.